000 00927nam a2200325 a 4500
003 AR-BaBNM
005 20251128203939.0
008 082120s2002 ||||||||||||||000 | spa||
020 _a950-22-0311-9
040 _cAR-BaBNM
100 1 _aPaynter, John
245 0 0 _aOir, aquí y ahora
_buna introduccion a la música actual en las escuelas
260 _aBuenos Aires
_bRicordi
_c1991
300 _a118 p.
_bil., tablas, lám.
500 _aTraducción de Juan Schultis
500 _aContiene biografías de compositores
504 _aBibliografías p. 115-116
650 4 _aEDUCACION MUSICAL
650 4 _aSIGLO VEINTE
650 4 _aACUSTICA
650 4 _aRUIDO
650 4 _aPLANIFICACION DEL PROGRAMA
650 4 _aMUSICA ELECTRONICA
650 4 _aRECURSOS EDUCACIONALES
650 4 _aFORMAS MUSICALES
650 4 _aINSTRUMENTOS MUSICALES
650 4 _aCOMPOSITORES
942 _cBK
998 _cCarmen
999 _c5576
_d5576